000 00267nam a2200109Ia 4500
001 1275884
005 20260417160436.0
008 260417s9999 xx 000 0 und d
020 _a9786257854429
245 0 _aAyı Geldi
_cRichard T. Morris
260 _bKetebe Çocuk
999 _c1275884
_d1275884